00437nam a2200157Ia 4500008004100000082001100041100002700052245004100079250000600120260000900126300000800135600002700143630004100170700002700211730004100238090124s9999 xx 000 0 und d b123708 aकदम बाबा a बुमरँग भा. 1 ला a2 c1989 a304 aकदम बाबा a बुमरँग भा. 1 ला aकदम बाबा a बुमरँग भा. 1 ला